Breaking the Maya code / (Record no. 177)

MARC details
000 -LEADER
fixed length control field 01014aam a2200313 a 4500
001 - CONTROL NUMBER
control field 3358570
005 - DATE AND TIME OF LATEST TRANSACTION
control field 20200421093821.0
008 - FIXED-LENGTH DATA ELEMENTS--GENERAL INFORMATION
fixed length control field 000727s2000 enkac 001 0 eng
015 ## - NATIONAL BIBLIOGRAPHY NUMBER
National bibliography number GBA0-W7920
016 7# - NATIONAL BIBLIOGRAPHIC AGENCY CONTROL NUMBER
Record control number 0140295461
Source Uk
020 ## - INTERNATIONAL STANDARD BOOK NUMBER
International Standard Book Number 0140295461(pbk.) :
Terms of availability £8.99
035 ## - SYSTEM CONTROL NUMBER
System control number (Uk)gb A00W7920
035 ## - SYSTEM CONTROL NUMBER
System control number 466846
040 ## - CATALOGING SOURCE
Original cataloging agency BDS
Transcribing agency BDS
Modifying agency Uk
082 04 - DEWEY DECIMAL CLASSIFICATION NUMBER
Classification number 497.415
Edition information 21
100 1# - MAIN ENTRY--PERSONAL NAME
Personal name Coe, Michael D.
Fuller form of name (Michael Douglas)
9 (RLIN) 304
245 10 - TITLE STATEMENT
Title Breaking the Maya code /
Statement of responsibility, etc. Michael D. Coe.
250 ## - EDITION STATEMENT
Edition statement Rev. ed.
260 ## - PUBLICATION, DISTRIBUTION, ETC.
Place of publication, distribution, etc. London :
Name of publisher, distributor, etc. Penguin,
Date of publication, distribution, etc. 2000.
300 ## - PHYSICAL DESCRIPTION
Extent 290 p., [16] p. of plates :
Other physical details ill., ports. ;
Dimensions 20 cm.
500 ## - GENERAL NOTE
General note Previous ed.: London: Thames & Hudson, 1992.
504 ## - BIBLIOGRAPHY, ETC. NOTE
Bibliography, etc. note Includes bibliographical references and index.
650 #0 - SUBJECT ADDED ENTRY--TOPICAL TERM
Topical term or geographic name entry element Mayan languages
General subdivision Writing.
9 (RLIN) 305
650 #0 - SUBJECT ADDED ENTRY--TOPICAL TERM
Topical term or geographic name entry element Archaeology
Geographic subdivision Mexico
General subdivision History.
9 (RLIN) 865
650 #0 - SUBJECT ADDED ENTRY--TOPICAL TERM
Topical term or geographic name entry element Archaeology
Geographic subdivision Central America
General subdivision History.
9 (RLIN) 866
651 #0 - SUBJECT ADDED ENTRY--GEOGRAPHIC NAME
Geographic name Mexico
General subdivision Antiquities.
9 (RLIN) 306
651 #0 - SUBJECT ADDED ENTRY--GEOGRAPHIC NAME
Geographic name Central America
General subdivision Antiquities.
9 (RLIN) 307
942 ## - ADDED ENTRY ELEMENTS (KOHA)
Source of classification or shelving scheme Dewey Decimal Classification
Koha item type Books
Holdings
Withdrawn status Lost status Damaged status Not for loan Collection Home library Current library Shelving location Date acquired Barcode Date last seen Price effective from Koha item type
        Reference Centerville Centerville General stacks 09/04/2014 39999000007459 09/04/2014 09/04/2014 Books
        Reference Fairview Fairview General stacks 09/04/2014 39999000007411 09/04/2014 09/04/2014 Books
        Reference Fairview Fairview General stacks 09/04/2014 39999000007435 09/04/2014 09/04/2014 Books